中国地级行政区,但是回答距离200公里以内的地级行政区就算对(地图版) - Statistics

General Stats
  • This quiz has been taken 117 times
  • The average score is 290 of 333
Answers on the Map
Answers color-coded by a green-red scale on the quiz's map according to % correct below.
 
Answer Stats
省级行政区 地级行政区 % Correct
山东省 淄博市
98%
山东省 潍坊市
98%
山东省 泰安市
98%
山东省 聊城市
98%
河北省 沧州市
97%
山东省 济南市
97%
山东省 东营市
97%
山东省 济宁市
97%
山东省 德州市
97%
山东省 滨州市
97%
山东省 菏泽市
97%
河南省 郑州市
97%
河南省 开封市
97%
河南省 安阳市
97%
河南省 鹤壁市
97%
河南省 新乡市
97%
河南省 濮阳市
97%
河南省 商丘市
97%
湖南省 长沙市
97%
湖南省 株洲市
97%
湖南省 湘潭市
97%
湖南省 衡阳市
97%
湖南省 岳阳市
97%
湖南省 常德市
97%
湖南省 益阳市
97%
湖南省 娄底市
97%
河北省 衡水市
95%
山西省 长治市
95%
山西省 晋城市
95%
江苏省 南京市
95%
江苏省 连云港市
95%
江西省 萍乡市
95%
江西省 宜春市
95%
山东省 烟台市
95%
河南省 洛阳市
95%
河南省 焦作市
95%
河南省 许昌市
95%
湖北省 咸宁市
95%
广东省 肇庆市
95%
广东省 阳江市
95%
广东省 清远市
95%
云南省 昆明市
95%
云南省 玉溪市
95%
云南省 红河哈尼族彝族自治州
95%
陕西省 宝鸡市
95%
河北省 石家庄市
93%
河北省 邢台市
93%
山西省 太原市
93%
山西省 阳泉市
93%
山西省 晋中市
93%
山西省 忻州市
93%
山西省 吕梁市
93%
辽宁省 沈阳市
93%
辽宁省 大连市
93%
辽宁省 鞍山市
93%
辽宁省 抚顺市
93%
辽宁省 本溪市
93%
辽宁省 营口市
93%
辽宁省 阜新市
93%
辽宁省 辽阳市
93%
辽宁省 盘锦市
93%
辽宁省 铁岭市
93%
吉林省 四平市
93%
吉林省 辽源市
93%
江苏省 无锡市
93%
江苏省 常州市
93%
江苏省 苏州市
93%
江苏省 南通市
93%
江苏省 盐城市
93%
江苏省 扬州市
93%
江苏省 镇江市
93%
江苏省 泰州市
93%
浙江省 湖州市
93%
安徽省 合肥市
93%
安徽省 芜湖市
93%
安徽省 蚌埠市
93%
安徽省 淮南市
93%
安徽省 马鞍山市
93%
安徽省 滁州市
93%
江西省 南昌市
93%
江西省 九江市
93%
山东省 威海市
93%
河南省 平顶山市
93%
河南省 漯河市
93%
河南省 信阳市
93%
河南省 驻马店市
93%
湖北省 武汉市
93%
湖北省 随州市
93%
湖南省 邵阳市
93%
广东省 广州市
93%
广东省 深圳市
93%
广东省 珠海市
93%
广东省 佛山市
93%
广东省 江门市
93%
广东省 惠州市
93%
广东省 河源市
93%
广东省 东莞市
93%
广东省 中山市
93%
广东省 云浮市
93%
广西壮族自治区 南宁市
93%
广西壮族自治区 北海市
93%
广西壮族自治区 钦州市
93%
广西壮族自治区 玉林市
93%
广西壮族自治区 崇左市
93%
贵州省 六盘水市
93%
贵州省 毕节市
93%
云南省 曲靖市
93%
云南省 楚雄彝族自治州
93%
陕西省 西安市
93%
陕西省 铜川市
93%
陕西省 咸阳市
93%
陕西省 榆林市
93%
陕西省 安康市
93%
陕西省 商洛市
93%
河北省 承德市
91%
山西省 朔州市
91%
内蒙古自治区 乌海市
91%
内蒙古自治区 阿拉善盟
91%
江苏省 淮安市
91%
江苏省 宿迁市
91%
浙江省 绍兴市
91%
浙江省 金华市
91%
安徽省 铜陵市
91%
安徽省 池州市
91%
安徽省 宣城市
91%
江西省 新余市
91%
江西省 抚州市
91%
山东省 日照市
91%
山东省 临沂市
91%
河南省 周口市
91%
湖北省 黄石市
91%
湖北省 孝感市
91%
广东省 韶关市
91%
广东省 湛江市
91%
广东省 茂名市
91%
广西壮族自治区 柳州市
91%
广西壮族自治区 贵港市
91%
广西壮族自治区 来宾市
91%
四川省 遂宁市
91%
四川省 乐山市
91%
四川省 南充市
91%
四川省 眉山市
91%
四川省 雅安市
91%
贵州省 贵阳市
91%
贵州省 遵义市
91%
贵州省 安顺市
91%
贵州省 黔东南苗族侗族自治州
91%
贵州省 黔南布依族苗族自治州
91%
陕西省 渭南市
91%
陕西省 延安市
91%
甘肃省 兰州市
91%
甘肃省 庆阳市
91%
甘肃省 临夏回族自治州
91%
青海省 西宁市
91%
青海省 海东市
91%
青海省 黄南藏族自治州
91%
宁夏回族自治区 银川市
91%
宁夏回族自治区 石嘴山市
91%
宁夏回族自治区 吴忠市
91%
河北省 秦皇岛市
90%
黑龙江省 大庆市
90%
江苏省 徐州市
90%
浙江省 杭州市
90%
浙江省 温州市
90%
浙江省 台州市
90%
浙江省 丽水市
90%
安徽省 淮北市
90%
福建省 莆田市
90%
福建省 泉州市
90%
江西省 景德镇市
90%
江西省 鹰潭市
90%
江西省 吉安市
90%
山东省 枣庄市
90%
湖北省 襄阳市
90%
湖北省 鄂州市
90%
湖北省 黄冈市
90%
广西壮族自治区 防城港市
90%
四川省 内江市
90%
四川省 资阳市
90%
云南省 大理白族自治州
90%
甘肃省 定西市
90%
宁夏回族自治区 中卫市
90%
河北省 唐山市
88%
河北省 廊坊市
88%
山西省 临汾市
88%
内蒙古自治区 鄂尔多斯市
88%
吉林省 松原市
88%
黑龙江省 哈尔滨市
88%
黑龙江省 绥化市
88%
浙江省 宁波市
88%
浙江省 嘉兴市
88%
安徽省 宿州市
88%
安徽省 亳州市
88%
福建省 福州市
88%
福建省 厦门市
88%
福建省 三明市
88%
福建省 漳州市
88%
福建省 南平市
88%
福建省 宁德市
88%
山东省 青岛市
88%
河南省 南阳市
88%
湖北省 十堰市
88%
海南省 海口市
88%
四川省 成都市
88%
四川省 自贡市
88%
四川省 攀枝花市
88%
四川省 德阳市
88%
四川省 绵阳市
88%
四川省 凉山彝族自治州
88%
甘肃省 白银市
88%
甘肃省 甘南藏族自治州
88%
河北省 保定市
86%
内蒙古自治区 呼和浩特市
86%
内蒙古自治区 包头市
86%
福建省 龙岩市
86%
江西省 上饶市
86%
湖北省 荆州市
86%
湖南省 郴州市
86%
广东省 汕尾市
86%
广东省 潮州市
86%
云南省 临沧市
86%
云南省 怒江傈僳族自治州
86%
西藏自治区 拉萨市
86%
西藏自治区 山南市
86%
陕西省 汉中市
86%
甘肃省 武威市
86%
青海省 海北藏族自治州
86%
青海省 海南藏族自治州
86%
新疆维吾尔自治区 乌鲁木齐市
86%
新疆维吾尔自治区 吐鲁番市
86%
新疆维吾尔自治区 昌吉回族自治州
86%
河北省 邯郸市
84%
山西省 大同市
84%
山西省 运城市
84%
内蒙古自治区 乌兰察布市
84%
吉林省 长春市
84%
吉林省 吉林市
84%
黑龙江省 佳木斯市
84%
黑龙江省 七台河市
84%
浙江省 衢州市
84%
安徽省 黄山市
84%
安徽省 阜阳市
84%
安徽省 六安市
84%
江西省 赣州市
84%
河南省 三门峡市
84%
湖北省 宜昌市
84%
湖南省 张家界市
84%
湖南省 永州市
84%
广东省 汕头市
84%
广东省 梅州市
84%
广东省 揭阳市
84%
广西壮族自治区 桂林市
84%
四川省 广元市
84%
云南省 保山市
84%
云南省 昭通市
84%
云南省 丽江市
84%
云南省 普洱市
84%
云南省 西双版纳傣族自治州
84%
辽宁省 朝阳市
83%
黑龙江省 鸡西市
83%
黑龙江省 双鸭山市
83%
安徽省 安庆市
83%
广西壮族自治区 贺州市
83%
四川省 巴中市
83%
甘肃省 张掖市
83%
甘肃省 酒泉市
83%
甘肃省 陇南市
83%
辽宁省 锦州市
81%
辽宁省 葫芦岛市
81%
黑龙江省 牡丹江市
81%
广西壮族自治区 梧州市
81%
海南省 儋州市
81%
内蒙古自治区 赤峰市
79%
内蒙古自治区 通辽市
79%
内蒙古自治区 呼伦贝尔市
79%
黑龙江省 鹤岗市
79%
浙江省 舟山市
79%
湖南省 怀化市
79%
湖南省 湘西土家族苗族自治州
79%
广西壮族自治区 河池市
79%
海南省 三亚市
79%
宁夏回族自治区 固原市
79%
河北省 张家口市
78%
吉林省 白城市
78%
黑龙江省 黑河市
78%
湖北省 荆门市
78%
四川省 广安市
78%
四川省 甘孜藏族自治州
78%
西藏自治区 那曲市
78%
甘肃省 天水市
78%
青海省 海西蒙古族藏族自治州
78%
内蒙古自治区 兴安盟
76%
湖北省 恩施土家族苗族自治州
76%
贵州省 铜仁市
76%
贵州省 黔西南布依族苗族自治州
76%
云南省 德宏傣族景颇族自治州
76%
西藏自治区 日喀则市
76%
西藏自治区 阿里地区
76%
甘肃省 平凉市
76%
新疆维吾尔自治区 克孜勒苏柯尔克孜自治州
76%
新疆维吾尔自治区 喀什地区
76%
吉林省 通化市
74%
广西壮族自治区 百色市
74%
四川省 泸州市
74%
四川省 宜宾市
74%
四川省 达州市
74%
四川省 阿坝藏族羌族自治州
72%
西藏自治区 昌都市
72%
西藏自治区 林芝市
72%
甘肃省 嘉峪关市
72%
黑龙江省 伊春市
71%
甘肃省 金昌市
71%
辽宁省 丹东市
69%
吉林省 白山市
69%
黑龙江省 齐齐哈尔市
69%
黑龙江省 大兴安岭地区
69%
吉林省 延边朝鲜族自治州
67%
青海省 玉树藏族自治州
67%
新疆维吾尔自治区 克拉玛依市
67%
新疆维吾尔自治区 哈密市
67%
新疆维吾尔自治区 塔城地区
67%
云南省 文山壮族苗族自治州
66%
新疆维吾尔自治区 阿克苏地区
66%
新疆维吾尔自治区 和田地区
66%
新疆维吾尔自治区 阿勒泰地区
64%
云南省 迪庆藏族自治州
62%
内蒙古自治区 巴彦淖尔市
60%
新疆维吾尔自治区 巴音郭楞蒙古自治州
60%
青海省 果洛藏族自治州
59%
内蒙古自治区 锡林郭勒盟
57%
新疆维吾尔自治区 博尔塔拉蒙古自治州
57%
新疆维吾尔自治区 伊犁哈萨克自治州
57%
海南省 三沙市
47%
No matching quizzes found
Score Distribution
Percent of People with Each Score
Percentile by Number Answered
Your Score History
You have not taken this quiz